HOW DOES LAW PROTECT IN WAR (Record no. 11257)

MARC details
000 -LEADER
fixed length control field 00266nam a22001337a 4500
003 - CONTROL NUMBER IDENTIFIER
control field SGT
082 ## - DEWEY DECIMAL CLASSIFICATION NUMBER
Classification number 340,SAS
100 ## - MAIN ENTRY--PERSONAL NAME
Personal name SASSALI,M.
245 ## - TITLE STATEMENT
Title HOW DOES LAW PROTECT IN WAR
250 ## - EDITION STATEMENT
Edition statement 2ND
260 ## - PUBLICATION, DISTRIBUTION, ETC. (IMPRINT)
Place of publication, distribution, etc LADAN
Name of publisher, distributor, etc ICRC
Year of Publication 2006
300 ## - PAGE DESCRIPTION
No. of Pages 509
942 ## - ADDED ENTRY ELEMENTS (KOHA)
Source of classification or shelving scheme Dewey Decimal Classification
Koha item type Books
Holdings
Withdrawn status Lost status Source of classification or shelving scheme Damaged status Not for loan Collection code Home library Current library Shelving location Date acquired Vendor Name Volume Information (Serial or Books or Non-Book Material) SGTU Total Checkouts Full call number Accession No. (Barcode) Date last seen Bill Date Koha item type
    Dewey Decimal Classification     LAW SGT Science & Social Sciences Library SGT Science & Social Sciences Library Text Book 22/03/2017 DONATE 1 SGTU   340,SAS FL608 22/03/2017 22/03/2017 Books